00325nam a2200097Ia 4500008004100000082002100041100001900062245006600081260006200147300001800209230907s9999||||xx |||||||||||||| ||und|| a333.79320681,MAZ aMazer, Arthur, 0aElectric power planning for regulated and deregulated markets aIEEE Press : | Wiley-Interscience,bHoboken, N.J. :c2007 axix, 313 p. :